Top 5 Scorers per Team 2025-26 - Statistics

General Stats
  • This quiz has been taken 11 times
  • The average score is 67 of 150
Answer Stats
Team PPG Answer % Correct
76ers 23.7 Joel Embiid
88%
Lakers 22.0 LeBron James
88%
Pistons 17.9 Jalen Duren
75%
Celtics 29.5 Jaylen Brown
75%
Knicks 21.2 Karl-Anthony Towns
75%
Rockets 26.1 Kevin Durant
75%
Bucks 18.2 Kevin Porter Jr.
75%
Jazz 23.8 Keyonte George
75%
Wizards 14.7 Kyshawn George
75%
Nets 25.9 Michael Porter Jr.
75%
76ers 15.9 Paul George
75%
Warriors 28.8 Stephen Curry
75%
Thunder 14.2 Ajay Mitchell
63%
Rockets 18.7 Amen Thompson
63%
Mavs 20.4 Anthony Davis
63%
Timberwolves 28.9 Anthony Edwards
63%
Pistons 11.2 Ausar Thompson
63%
Lakers 26.6 Austin Reaves
63%
Heat 16.4 Bam Adebayo
63%
Nuggets 11.7 Cameron Johnson
63%
Spurs 20.7 De'Aaron Fox
63%
Kings 19.0 DeMar DeRozan
63%
Celtics 18.6 Derrick White
63%
Cavs 29.5 Donovan Mitchell
63%
Warriors 8.6 Draymond Green
63%
Magic 22.7 Franz Wagner
63%
Bucks 29.2 Giannis Antetokounmpo
63%
Hawks 23.7 Jalen Johnson
63%
Nuggets 25.3 Jamal Murray
63%
Clippers 25.8 James Harden
63%
Warriors 19.9 Jimmy Butler
63%
Clippers 28.1 Kawhi Leonard
63%
Spurs 13.7 Keldon Johnson
63%
Hornets 20.1 LaMelo Ball
63%
Lakers 33.6 Luka Doncic
63%
Nuggets 29.6 Nikola Jokic
63%
Pacers 23.5 Pascal Siakam
63%
Raptors 19.3 Scottie Barnes
63%
Thunder 31.9 Shai Gilgeous-Alexander
63%
Wizards 12.5 Tre Johnson
63%
76ers 30.9 Tyrese Maxey
63%
Spurs 24.3 Victor Wembanyama
63%
Kings 19.9 Zach LaVine
63%
Pelicans 22.8 Zion Williamson
63%
Rockets 21.7 Alperen Sengun
50%
Heat 16.0 Andrew Wiggins
50%
Celtics 13.5 Anfernee Simons
50%
Raptors 21.7 Brandon Ingram
50%
Hornets 19.1 Brandon Miller
50%
Pistons 26.7 Cade Cunningham
50%
Thunder 18.1 Chet Holmgren
50%
Mavs 19.1 Cooper Flagg
50%
Lakers 13.9 Deandre Ayton
50%
Magic 19.2 Desmond Bane
50%
Suns 25.3 Devin Booker
50%
Pistons 11.8 Duncan Robinson
50%
Suns 15.2 Grayson Allen
50%
Thunder 11.2 Isaiah Hartenstein
50%
Rockets 15.0 Jabari Smith Jr.
50%
Knicks 28.9 Jalen Brunson
50%
Thunder 17.6 Jalen Williams
50%
Grizzlies 18.5 Jaren Jackson Jr.
50%
Blazers 20.0 Jerami Grant
50%
Bulls 19.2 Josh Giddey
50%
Jazz 27.9 Lauri Markkanen
50%
Suns 12.3 Mark Williams
50%
Timberwolves 14.5 Naz Reid
50%
Nets 13.1 Nic Claxton
50%
Knicks 15.6 OG Anunoby
50%
Magic 20.9 Paolo Banchero
50%
Celtics 17.0 Payton Pritchard
50%
Raptors 19.6 RJ Barrett
50%
Kings 14.7 Russell Westbrook
50%
Spurs 17.2 Stephon Castle
50%
Nuggets 13.8 Tim Hardaway Jr.
50%
Pistons 13.4 Tobias Harris
50%
Bulls 11.9 Tre Jones
50%
Pelicans 21.6 Trey Murphy III
50%
76ers 16.1 VJ Edgecombe
50%
Nets 9.1 Ziaire Williams
50%
Wizards 17.3 Alex Sarr
38%
Pacers 17.5 Andrew Nembhard
38%
Bulls 14.5 Ayo Dosunmu
38%
Wizards 18.8 CJ McCollum
38%
Cavs 17.9 Darius Garland
38%
Cavs 13.9 De'Andre Hunter
38%
Blazers 26.1 Deni Avdija
38%
Kings 13.0 Dennis Schroder
38%
Suns 21.2 Dillon Brooks
38%
Blazers 11.1 Donovan Clingan
38%
Timberwolves 13.4 Donte DiVincenzo
38%
Cavs 17.9 Evan Mobley
38%
Raptors 16.5 Immanuel Quickley
38%
Clippers 14.8 Ivica Zubac
38%
Timberwolves 14.7 Jaden McDaniels
38%
Magic 15.0 Jalen Suggs
38%
Clippers 13.1 John Collins
38%
Pelicans 15.5 Jordan Poole
38%
Timberwolves 22.0 Julius Randle
38%
Hornets 19.1 Kon Knueppel
38%
Kings 11.9 Malik Monk
38%
Knicks 15.9 Mikal Bridges
38%
Hornets 19.5 Miles Bridges
38%
Knicks 12.7 Miles McBride
38%
Warriors 10.2 Moses Moody
38%
Celtics 10.1 Neemias Queta
38%
Hawks 20.6 Nickeil Alexander-Walker
38%
Bulls 16.5 Nikola Vucevic
38%
Nets 13.2 Noah Clowney
38%
Heat 23.8 Norman Powell
38%
Nuggets 13.2 Peyton Watson
38%
Mavs 14.7 P.J. Washington
38%
Lakers 12.7 Rui Hachimura
38%
Bucks 16.6 Ryan Rollins
38%
Blazers 21.5 Shaedon Sharpe
38%
Pacers 10.0 T.J. McConnell
38%
Blazers 13.1 Toumani Camara
38%
Hawks 11.2 Zaccharie Risacher
38%
Pacers 14.2 Aaron Nesmith
25%
Jazz 9.9 Ace Bailey
25%
Magic 15.7 Anthony Black
25%
Pacers 17.8 Bennedict Mathurin
25%
Wizards 10.4 Bilal Coulibaly
25%
Bucks 12.9 Bobby Portis
25%
Warriors 11.7 Brandin Podziemski
25%
Spurs 15.0 Devin Vassell
25%
Hawks 11.9 Dyson Daniels
25%
Nets 10.4 Egor Demin
25%
Jazz 10.4 Jusuf Nurkic
25%
Heat 11.9 Kel'el Ware
25%
Bucks 12.8 Kyle Kuzma
25%
Bulls 14.9 Matas Buzelis
25%
Mavs 13.6 Naji Marshall
25%
Hawks 16.3 Onyeka Okongwu
25%
76ers 14.2 Quentin Grimes
25%
Pelicans 15.1 Saddiq Bey
25%
Cavs 14.3 Sam Merrill
25%
Grizzlies 13.9 Cedric Coward
13%
Hornets 15.2 Collin Sexton
13%
Heat 15.9 Jaime Jaquez Jr.
13%
Grizzlies 12.0 Jaylen Wells
13%
Clippers 8.0 Kris Dunn
13%
Mavs 12.3 Max Christie
13%
Rockets 13.1 Reed Sheppard
13%
Raptors 10.3 Sandro Mamukelashvili
13%
Jazz 10.1 Brice Sensabaugh
0%
Grizzlies 12.0 Cam Spencer
0%
Suns 13.2 Collin Gillespie
0%
Pelicans 14.4 Jeremiah Fears
0%
Grizzlies 14.0 Santi Aldama
0%
No matching quizzes found
Score Distribution
Percent of People with Each Score
Percentile by Number Answered
Your Score History
You have not taken this quiz